000 00899nam0a22002771 4500
001 rc\3259348
005 20130115143501.6
021 _aRU
_b[70-19419]
035 _a(NLR Aleph) 007483047
090 _a7537069
_c7537069
100 _a20130115d1970 |||y0rusy50 ca
101 0 _arus
102 _aRU
105 _aa j |||h|
200 1 _aРусская речь
_eУчебник для V кл. арм. школы
205 _a11-е изд.
210 _aЕреван
_cЛуйс
_d1970
215 _a172 с., 3 л. ил.
_cил.
_d22
300 _aНа пер. авт. не указан
606 _aРусский язык
_jУчебники и пособия для нерусских школ
_2psbo
700 1 _aФолян
_bП. М.
_gПаруйр Меликсетович
801 0 _aRU
_bNLR
_gpsbo
801 1 _aRU
_bELAR
_2rusmarc
852 _aNLR
_j70-5/570
942 _cBOOK
980 _aNB